La aritmética en Grecia
Kaydedildi:
| Yazar: | |
|---|---|
| Materyal Türü: | Kitap |
| Dil: | İspanyolca |
| Baskı/Yayın Bilgisi: |
Madrid, España
Consejo Superior de Investigaciones Científicas
1946
|
| Konular: | |
| Etiketler: |
Etiketle
Etiket eklenmemiş, İlk siz ekleyin!
|
MARC
| LEADER | 00000nam a2200000 a 4500 | ||
|---|---|---|---|
| 001 | UCQ9981 | ||
| 003 | CL-VaPUC | ||
| 005 | 20240610165122.0 | ||
| 008 | 990128e19460000SP |||||||||||||||||spa|d | ||
| 999 | |c 278869 |d 278867 | ||
| 040 | |c Pontificia Universidad Católica de Valparaíso | ||
| 082 | 0 | 4 | |a 513 SAN 1946 |2 21 |
| 100 | 0 | |a Sánchez Pérez, José Augusto |e author |9 424702 | |
| 245 | 1 | 3 | |a La aritmética en Grecia |
| 260 | |a Madrid, España |b Consejo Superior de Investigaciones Científicas |c 1946 | ||
| 300 | |a 260 páginas | ||
| 583 | |a last modification |c 19990128 00:00:00 |k Rodrigo Vera | ||
| 600 | 0 | 7 | |a EUCLIDES |2 CL-VaPUC |9 335277 |
| 600 | 0 | 7 | |a NICOMACO DE GERASA |2 CL-VaPUC |9 424703 |
| 600 | 0 | 7 | |a DIOFANTO |2 CL-VaPUC |9 424704 |
| 650 | 0 | |a Aritmética |9 270049 | |
| 650 | 0 | |a Historia de las matemáticas |9 265664 | |
| 651 | 0 | |a Grecia |9 265314 | |
| 942 | |c BK |2 ddc | ||
| 945 | |d 19990128 00:00:00 |a crobeson | ||
| 952 | |0 0 |1 0 |4 0 |6 513_000000000000000_SAN_1946 |7 0 |8 A |9 317669 |a BIBMAT |b BIBMAT |d 2019-11-20 |i 1319949 |o 513 SAN 1946 |p 1319949 |r 2025-01-07 |w 2019-11-20 |y BK |k MAT | ||